000 01233cam a22003617a 4500
001 9872750
003 LIBRIS
005 20241031090143.0
008 050503s2004 dk |||||||||||000 0|eng|c
020 _a9289010975
035 _ab-04-00754
040 _aCh
_ea
_cDLC
041 _aeng
080 _a614
_bH-43
100 _9359
_aFigueras,Josep
_eeditor
245 1 0 _aHealth systems in transition :
_blearning from experience /
_cedited by Josep Figueras ..
260 _aCopenhagen :
_bWHO Regional Office for Europe,
_c2004
300 _a152 s.
_bill.
650 2 _aDelivery of Health Care
650 2 _aHealth Care Reform
650 2 _aHealth Care Sector
_xorganization & administration
651 4 _aEurope, Eastern
653 _aჯანდაცვა
700 1 _aFigueras, Josep
700 _aMcKee, martin
_9361
700 _aLessof, Suszy
_9364
700 _aCain, Jenifer
_9362
710 2 _aEuropean Observatory on Health Systems and Policies
710 1 _aWorld Health Organization
_bRegional Office for Europe
856 4 1 _uhttp://www.euro.who.int/document/E83108.pdf
887 _a{"@id":"btmlh9cn263kp71","modified":"2006-05-17T13:13:35+02:00","checksum":"26541445466"}
_2librisxl
942 _2udc
_cBK
999 _c452
_d452